| 000 | 01930nam a2200445 i 4500 | ||
|---|---|---|---|
| 999 |
_c64381 _d64381 |
||
| 001 | a6130782 | ||
| 003 | SpMaBN | ||
| 005 | 20190202100423.0 | ||
| 008 | 180314s2017 sp | |||| 001 0 spa | ||
| 017 |
_aCO 2415-2017 _bOficina Depósito Legal Córdoba |
||
| 020 | _a9788494733901 | ||
| 040 |
_aSpMaBN _bspa _erdc _cCO-MdFUSB _dCO-MdFUSBC |
||
| 041 | 1 |
_aspa _hspa |
|
| 080 | _a245 | ||
| 082 |
_222 _a270.2 _bEF27 |
||
| 100 | 0 |
_aEfrén, _cSanto. _d373- _eautor. |
|
| 245 | 1 | 0 |
_aHimnos sobre el paraíso _c/ San Efrén de Nisibe ; traducción, introducción y notas, Francisco Javier Martínez Fernández |
| 264 | 1 |
_aGranada _bNuevo Inicio _c[2017] |
|
| 264 | 4 | _c©2017 | |
| 300 |
_a247 páginas. _c19 cm |
||
| 336 |
_atexto _2rdacontent _btxt |
||
| 337 |
_asin mediación _2rdamedia _bn |
||
| 338 |
_2rdacarrier _avolumen _bnc |
||
| 490 | 0 | _aColección Maestros cristianos de Oriente | |
| 500 | _a"Publicaciones del Centro Internacional para el Estudio del Oriente Cristiano" | ||
| 504 | _aIncluye referencias bibliográficas e índice | ||
| 505 | _aLibro I - Libro XV. | ||
| 520 | _aLos himnos de San Efrén están escritos en siríaco. Curiosamente esos himnos reciben el nombre de madrâšā, un término claramente emparentado con la denominación rabínica midraš. No todos los himnos puede decirse que sean comentarios directos a la Escritura, aunque sí que son poemas de alabanza de acción de gracias, al tiempo que poemas didácticos, basados en la Escritura. | ||
| 563 | _aRústico | ||
| 650 | 7 | _aCanciones religiosas | |
| 650 | 7 |
_aIglesia _xHistoria _y(Iglesia primitiva), ca. 0030-0600 _2 _9659 |
|
| 650 | 7 |
_aPadres de la Iglesia _959 |
|
| 650 | 7 |
_aPoética _9407 _vHimnos _xVida religiosa |
|
| 650 | 7 |
_aLiturgia _9206 _vHimnos |
|
| 700 | 1 |
_aMartínez Fernández, Francisco Javier _eeditor literario _etraductor |
|
| 942 | _cREF | ||
| 956 | _a2 | ||